MARC details
| 000 -LEADER |
| fixed length control field |
02040cam a2200541 i 4500 |
| 001 - CONTROL NUMBER |
| control field |
sjds2291820 |
| 003 - CONTROL NUMBER IDENTIFIER |
| control field |
sjds |
| 005 - DATE AND TIME OF LATEST TRANSACTION |
| control field |
20230904160128.0 |
| 008 - FIXED-LENGTH DATA ELEMENTS--GENERAL INFORMATION |
| fixed length control field |
190724s2020 maua b 000 1 spa |
| 010 ## - LIBRARY OF CONGRESS CONTROL NUMBER |
| LC control number |
2019019742 |
| 020 ## - INTERNATIONAL STANDARD BOOK NUMBER |
| International Standard Book Number |
9781623542313 |
| Qualifying information |
(hardcover) |
| 020 ## - INTERNATIONAL STANDARD BOOK NUMBER |
| International Standard Book Number |
1623542316 |
| Qualifying information |
(hardcover) |
| 020 ## - INTERNATIONAL STANDARD BOOK NUMBER |
| International Standard Book Number |
9781623541354 |
| Qualifying information |
(paperback) |
| 020 ## - INTERNATIONAL STANDARD BOOK NUMBER |
| International Standard Book Number |
1623541352 |
| Qualifying information |
(paperback) |
| 020 ## - INTERNATIONAL STANDARD BOOK NUMBER |
| Canceled/invalid ISBN |
9781632899149 (ebook) |
| 020 ## - INTERNATIONAL STANDARD BOOK NUMBER |
| Canceled/invalid ISBN |
9781632899156 (ebook pdf) |
| 035 ## - SYSTEM CONTROL NUMBER |
| System control number |
(OCoLC)1111652737 |
| 035 ## - SYSTEM CONTROL NUMBER |
| System control number |
2291820 |
| 040 ## - CATALOGING SOURCE |
| Original cataloging agency |
NJQ/DLC |
| Language of cataloging |
eng |
| Description conventions |
rda |
| Transcribing agency |
DLC |
| Modifying agency |
BDX |
| -- |
OCLCF |
| -- |
OCLCO |
| -- |
GZW |
| -- |
TXSCH |
| -- |
SO$ |
| -- |
TXHLC |
| -- |
IFA |
| 041 1# - LANGUAGE CODE |
| Language code of text/sound track or separate title |
spa |
| Language code of original |
eng |
| 042 ## - AUTHENTICATION CODE |
| Authentication code |
lcac |
| -- |
pcc |
| 049 ## - LOCAL HOLDINGS (OCLC) |
| Holding library |
IFAA |
| 099 ## - LOCAL FREE-TEXT CALL NUMBER (OCLC) |
| Filing suffix |
2020 |
| 999 ## - SYSTEM CONTROL NUMBERS (KOHA) |
| Koha Dewey Subclass [OBSOLETE] |
ESPANOL PICTURE BOOKS DURANGO 2020 |
| 100 1# - MAIN ENTRY--PERSONAL NAME |
| Personal name |
Durango, Julia, |
| Dates associated with a name |
1967- |
| Relator term |
author. |
| 240 10 - UNIFORM TITLE |
| Uniform title |
<a href="One day house.">One day house.</a> |
| Language of a work |
Spanish |
| 245 13 - TITLE STATEMENT |
| Title |
La casa de algún día / |
| Statement of responsibility, etc. |
Julia Durango ; ilustrado por Bianca Díaz ; traducido por Carlos E. Calvo. |
| 260 ## - PUBLICATION, DISTRIBUTION, ETC. (IMPRINT) |
| Place of publication, distribution, etc. |
Watertown, MA : |
| Name of publisher, distributor, etc. |
Charlesbridge, |
| Date of publication, distribution, etc. |
[2020] |
| 264 #1 - PRODUCTION, PUBLICATION, DISTRIBUTION, MANUFACTURE, AND COPYRIGHT NOTICE |
| Place of production, publication, distribution, manufacture |
Watertown, MA : |
| Name of producer, publisher, distributor, manufacturer |
Charlesbridge, |
| Date of production, publication, distribution, manufacture, or copyright notice |
[2020] |
| 300 ## - PHYSICAL DESCRIPTION |
| Extent |
1 volume (unpaged) : |
| Other physical details |
color illustrations ; |
| Dimensions |
26 cm |
| 336 ## - CONTENT TYPE |
| Content type term |
text |
| Content type code |
txt |
| Source |
rdacontent |
| 336 ## - CONTENT TYPE |
| Content type term |
still image |
| Content type code |
sti |
| Source |
rdacontent |
| 337 ## - MEDIA TYPE |
| Media type term |
unmediated |
| Media type code |
n |
| Source |
rdamedia |
| 338 ## - CARRIER TYPE |
| Carrier type term |
volume |
| Carrier type code |
nc |
| Source |
rdacarrier |
| 520 ## - SUMMARY, ETC. |
| Summary, etc. |
A little boy promises his beloved friend, an elderly lady, that one day he will fix up her old house--and his words inspire the other people in the neighborhood to pitch in and get it done. |
| 546 ## - LANGUAGE NOTE |
| Language note |
Text in Spanish. |
| 586 ## - AWARDS NOTE |
| Awards note |
Ezra Jack Keats Honor book. |
| 650 #0 - SUBJECT ADDED ENTRY--TOPICAL TERM |
| Topical term or geographic name as entry element |
Dwellings |
| Form subdivision |
Juvenile fiction. |
| 650 #0 - SUBJECT ADDED ENTRY--TOPICAL TERM |
| Topical term or geographic name as entry element |
Neighbors |
| Form subdivision |
Juvenile fiction. |
| 650 #0 - SUBJECT ADDED ENTRY--TOPICAL TERM |
| Topical term or geographic name as entry element |
Helping behavior |
| Form subdivision |
Juvenile fiction. |
| 650 #7 - SUBJECT ADDED ENTRY--TOPICAL TERM |
| Topical term or geographic name as entry element |
Viviendas |
| Form subdivision |
Novela juvenil. |
| Source of heading or term |
bidex |
| 650 #7 - SUBJECT ADDED ENTRY--TOPICAL TERM |
| Topical term or geographic name as entry element |
Vecinos |
| Form subdivision |
Novela juvenil. |
| Source of heading or term |
bidex |
| 650 #7 - SUBJECT ADDED ENTRY--TOPICAL TERM |
| Topical term or geographic name as entry element |
Esp�ritu de servicio |
| Form subdivision |
Novela juvenil. |
| Source of heading or term |
bidex |
| 650 #7 - SUBJECT ADDED ENTRY--TOPICAL TERM |
| Topical term or geographic name as entry element |
Comunidades |
| Form subdivision |
Novela juvenil. |
| Source of heading or term |
bidex |
| 700 1# - ADDED ENTRY--PERSONAL NAME |
| Personal name |
Diaz, Bianca, |
| Relator term |
illustrator. |
| 700 1# - ADDED ENTRY--PERSONAL NAME |
| Personal name |
Calvo, Carlos E., |
| Relator term |
translator. |
| 942 ## - ADDED ENTRY ELEMENTS (KOHA) |
| Koha item type |
Libro/Book |